00778nam a2200205 i 450000100060000000300090000600500170001500700030003200800410003510000390007624501190011526000350023430000220026949000350029170000280032683000430035485200320039799900170042995201260044692356ES-MaACL20230906180943.0t|050225s1962 sp ||||1| cat d1 aLiégé, Pierre André.914435910aViure el cristianisme / cP. André Liégé; traduccio al catalá por Dom Just M. Llorens monjo de Montserrat. aBarcelona : bEstela, c[1962] a185 p. ; c19 cm.1 aEstela d'Espiritualitat ; v121 aLlorens, Just M.9728770 aEstela d'Espiritualitat ; v129232036 aES-MaACLjC-22231 bR.50750 c92356d92356 00104070aATENEOMbATENEOMcGaleríad2008-01-17eSCl0oC-22231p1096421r2023-02-23 00:00:00w2023-02-23yMONOGRAFIA